K istorii uzbekskogo âzyka povest' ob "Obitatelâh peŝery" /

Elmentve itt :
Bibliográfiai részletek
Szerző: Tenišev Èdgem Rahimovič
Dokumentumtípus: Cikk
Megjelent: Izdatel'stvo Akademii Nauk SSSR Moskva 1953
Sorozat:Akademiku Vladimiru Aleksandroviču Gordlevskomu k ego semidesâtipâtiletiû : sbornik statej / [otv. red. N. A. Baskakov]
Kulcsszavak:Nyelvtörténet - özbek, Nyelvemlék - török - 14-15. sz.
Tárgyszavak:
Online Access:http://misc.bibl.u-szeged.hu/64960
LEADER 00967nab a2200229 i 4500
001 misc64960
005 20240916081911.0
008 240223s1953 hu o 000 rus d
040 |a SZTE Miscellanea Repozitórium  |b hun 
041 |a rus 
100 1 |a Tenišev Èdgem Rahimovič 
245 1 0 |a K istorii uzbekskogo âzyka   |h [elektronikus dokumentum] :  |b povest' ob "Obitatelâh peŝery" /  |c  Tenišev Èdgem Rahimovič 
260 |a Izdatel'stvo Akademii Nauk SSSR  |b Moskva  |c 1953 
300 |a 275-278  |c 26 cm 
300 |a [4] p.  |c 26 cm 
490 0 |a Akademiku Vladimiru Aleksandroviču Gordlevskomu k ego semidesâtipâtiletiû : sbornik statej / [otv. red. N. A. Baskakov] 
561 |a Németh Gyula hagyaték 
591 |a NOA 5993 
650 4 |a Bölcsészettudományok 
650 4 |a Nyelvek és irodalom 
695 |a Nyelvtörténet - özbek, Nyelvemlék - török - 14-15. sz. 
856 4 0 |u http://misc.bibl.u-szeged.hu/64960/1/5993_noa.pdf  |z Dokumentum-elérés